000 00756nam a2200265 a 4500
001 vtls000942891
003 NLI
005 20210627091233.0
008 111102s1988 ii s000 0 eng
039 9 _y201111021736
_zVLOAD
040 _aNLI
_beng
_cDatasoft_IOD
_eAACR2
041 0 _aeng
044 _a ii
082 0 4 _a 339.3(5417)
245 0 0 _aEstimates of gross domestic fixed capital formation
_f1970-71 to 1987-88
260 _aBhubaneswar :
_bGovt. Press,
_c1988
300 _a33 p. ;
_c29 cm.
650 0 _aIncome
_zIndia
_9775433
650 0 _aMacroeconomics
_zIndia
_9682335
887 _a
901 _a121500 date
_b25.09.1992
_91970-70 to 1987-88
902 _aGP 339.3(5417) Es 86
999 _aVIRTUA40
_c763537
_d763537
942 _2ddc
_cBKS